header

Mentalizing in the development and treatment of attachment trauma (Record no. 50742)

MARC details
000 -LEADER
fixed length control field 01181nam a2200313Ia 4500
100 1# - MAIN ENTRY--AUTHOR NAME
Personal name Allen, Jon G.
245 10 - TITLE STATEMENT
Title Mentalizing in the development and treatment of attachment trauma
260 ## - PUBLICATION, DISTRIBUTION, ETC. (IMPRINT)
Place of publication London :
Name of publisher Karnac Books,
Year of publication 2012.
300 ## - PHYSICAL DESCRIPTION
Number of Pages xxiii, 337 p.
490 1# - SERIES STATEMENT
Series statement DEVS
650 #0 - SUBJECT ADDED ENTRY--TOPICAL TERM
Topical Term Psychic trauma.
Topical Term Attachment behavior.
856 40 - ELECTRONIC LOCATION AND ACCESS
Uniform Resource Identifier http://site.ebrary.com/lib/rucke/Doc?id=10626204

No items available.

© 2026 Rongo University
Contact us: librarian | system librarian | Rongo university